000 00797nmc a2200325 a 4500
003 AR-BaBNM
005 20251128205031.0
008 126019s1992 ||||||||||||||000 | spa||
020 _a950-695-054-7
040 _cAR-BaBNM
100 1 _aKovadloff, Santiago
245 1 0 _aLa nueva ignoracia
_bensayos reunidos
250 _a1ยช ed.
260 _aBuenos Aires
_bRei
_c1992
300 _a274 p.
490 0 _aTeorema. Mayor
650 4 _aLITERATURA ARGENTINA
650 4 _aENSAYO
650 4 _aPOESIA
650 4 _aANALISIS LITERARIO
650 4 _aFILOSOFIA LITERARIA
650 4 _aESTUDIOS SOCIALES
650 4 _aVALORES CULTURALES
650 4 _aMODELOS CULTURALES
650 4 _aJUDIOS
650 4 _aANTISEMITISMO
655 _aLITERATURA
942 _cBK
998 _cisola
999 _c9723
_d9723